Dianne Wiest Filmography - Statistics

General Stats
  • This quiz has been taken 25 times
    2 since last reset
  • The average score is 51 of 110
Answer Stats
Type Year Name % Correct
Web Series 2025 Only Murders in the Building
100%
Film 2015 Sisters
100%
Theater 1984 After the Fall
50%
Theater 1977 Agamemnon
50%
Film 2006 A Guide to Recognizing Your Saints
50%
Theater 1984 A Kind of Alaska
50%
Theater 2008-2009 All My Sons
50%
Documentary Series 2011 American Masters
50%
Film 2024 Apartment 7A
50%
Theater 1982 Beyond Therapy
50%
Film 1988 Bright Lights, Big City
50%
Film 1994 Bullets over Broadway
50%
TV Film 2004 Category 6: Day of Destruction
50%
Film 1989 Cookie
50%
Film 1994 Cops & Robbersons
50%
Film 2007 Dan in Real Life
50%
Film 2012 Darling Companion
50%
Film 2007 Dedication
50%
Film 1995 Drunks
50%
TV Documentary 2001 Echoes from the White House
50%
Film 1990 Edward Scissorhands
50%
TV Show TBA Elsbeth
50%
Film 1984 Falling in Love
50%
Film 2015 Five Nights in Maine
50%
Film 1984 Footloose
50%
Theater 1981 Frankenstein
50%
TV Show 1978 Great Performances
50%
Film 1986 Hannah and Her Sisters
50%
Theater 1970-1971 Happy Birthday, Wanda June
50%
Theater 2016-2017, 2019, 2020 Happy Days
50%
Theater 1981 Hedda Gabler
50%
Theater 1987 Hunting Cockroaches
50%
Film 2001 I Am Sam
50%
Film 2020 I Care a Lot
50%
Film 1982 I'm Dancing as Fast as I Can
50%
Film 1983 Independence Day
50%
Theater 1993 In the Summer House
50%
TV Show 2008-2009 In Treatment
50%
Film 1980 It's My Turn
50%
Theater 1983 Ivanov
50%
TV Show 2000-2002 Law & Order
50%
TV Show 2001 Law & Order: Criminal Intent
50%
TV Show 2001, 2002 Law & Order: Special Victims Unit
50%
Theater 1988 Les Liaisons Dangereuses
50%
Film 2020 Let Them All Talk
50%
TV Show 2015-2019 Life in Pieces
50%
Film 1991 Little Man Tate
50%
Web Series 2021-Present Mayor of Kingstown
50%
Theater 2005 Memory House
50%
Film 2002 Merci Docteur Rey
50%
Film 2022 My Father's Dragon
50%
TV Special 2006, 2007, 2009, 2011, 2014 National Memorial Day Concert
50%
Documentary 1997 Off the Menu: The Last Days of Chasen's
50%
Theater 1997 One Flea Spare
50%
Theater 1982 Othello
50%
Film 1989 Parenthood
50%
Film 2008 Passengers
50%
Film 2013 Poe
50%
Film 1998 Practical Magic
50%
Film 2026 Practical Magic 2
50%
Film 2010 Rabbit Hole
50%
Film 1987 Radio Days
50%
Film 2009 Rage
50%
Theater 2015 Rasheeda Speaking
50%
TV Show 1997 Road to Avonlea
50%
Film 2005 Robots
50%
Theater 2003 Salome
50%
Theater 2023 Scene Partners
50%
Film 1987 September
50%
Theater 1984 Serenading Louie
50%
Theater 1971 Solitaire / Double Solitaire
50%
Film 2008 Synecdoche, New York
50%
TV Mini-Series 2000 The 10th Kingdom
50%
Theater 1979 The Art of Dining
50%
Film 1996 The Associate
50%
TV Show 2014 Theater Close-Up
50%
Film 2011 The Big Year
50%
Film 1996 The Birdcage
50%
TV Show 2014 The Blacklist
50%
TV Film 2004 The Blackwater Lightship
50%
Theater 2011-2012 The Cherry Orchard
50%
TV Film 1983 The Face of Rage
50%
Theater 2010 The Forest
50%
Film 1998 The Horse Whisperer
50%
Film 2014 The Humbling
50%
Film 1987 The Lost Boys
50%
TV Show 1987 The Magical World of Disney
50%
Film 2018 The Mule
50%
Film 2012 The Odd Life of Timothy Green
50%
Theater 1971 The Prime of Miss Jean Brodie
50%
Film 1985 The Purple Rose of Cairo
50%
TV Show 2008 The Return of Jezebel James
50%
Film 1994 The Scout
50%
Theater 2008 The Seagull
50%
Theater 1996 The Shawl
50%
TV Film 1999 The Simple Life of Noah Dearborn
50%
TV Film 1982 The Wall
50%
Theater 2005 Third
50%
Theater 1982-1983 Three Sisters
50%
TV Film 1975 Zalmen: or, The Madness of God
50%
Theater 1979 Agnes of God
0%
Theater 1976 A History of the American Film
0%
Theater 1980 Bonjour, La, Bonjour
0%
Theater 1970 Country People
0%
Theater 1977 Esther
0%
Theater 1975 Heartbreak House
0%
Theater 1996 Jitta's Atonemental
0%
Theater 1978 Museum
0%
Theater 1984 Other Places
0%
Theater 1990 Square One
0%
No matching quizzes found
Score Distribution
Percent of People with Each Score
Percentile by Number Answered
Your Score History
You have not taken this quiz since the last reset